The blood covenant and how it works. (Record no. 18218)

000 -LEADER
fixed length control field 00407nam a22001457a 4500
008 - FIXED-LENGTH DATA ELEMENTS--GENERAL INFORMATION
fixed length control field 120411t xxu||||| |||| 00| 0 eng d
050 ## - LIBRARY OF CONGRESS CALL NUMBER
Classification number BT 590
Item number .B5 A3
100 ## - MAIN ENTRY--PERSONAL NAME
Personal name Adams, Cecil.
9 (RLIN) 2362
245 ## - TITLE STATEMENT
Title The blood covenant and how it works.
260 ## - PUBLICATION, DISTRIBUTION, ETC. (IMPRINT)
Name of publisher, distributor, etc Cecil Adams
Date of publication, distribution, etc 1983.
300 ## - PHYSICAL DESCRIPTION
Extent 31 p.
Dimensions 21 cm.
650 ## - SUBJECT ADDED ENTRY--TOPICAL TERM
Topical term or geographic name as entry element Covenants
General subdivision Religious aspects.
9 (RLIN) 2363
650 ## - SUBJECT ADDED ENTRY--TOPICAL TERM
Topical term or geographic name as entry element Blood covenant.
9 (RLIN) 2364
942 ## - ADDED ENTRY ELEMENTS (KOHA)
Source of classification or shelving scheme
Item type Books
Copies
Barcode Date acquired Copy number Withdrawn status Shelving location Not for loan Full call number Koha item type Permanent location Damaged status Source of classification or shelving scheme Date last seen Price effective from Lost status Current location
225532012-04-111 General Stacks BT 590 .B5 A3BooksRHEMA Bible Training College  2012-04-112012-04-11 RHEMA Bible Training College